000
00324 a2200157 4500
001
58408
020
_a
040
_c
Anchieta - Pituba
100
_a
Soares, Francisco
240
1
0
_a
Meu deus sou eu
_l
por
245
1
0
_a
Meu deus sou eu
300
_a
139
362
0
_a
1999
650
4
_a
Ficção brasileira
942
_c
BK
999
_c
58408
_d
58408